000 00470nam a2200181Ia 4500
001 14673
005 20260306164931.0
008 260306t2013||||xx |||||||||||||| ||spa||
041 _aESP
082 _a515.5
_bS17 T. 3
100 _aSalinas Martínez, Norma Patricia
_eAUT
245 0 _aCálculo aplicado:
_bcompetencias matemáticas a través de contextos
260 _c2013
300 _a
_c27 cm.
650 _aGEN
654 _aCMA
942 _cLIB
_dJUS
_fJUS
_2ddc
_n
999 _c14673
_d14673